Quizzes
Events
Quiz Creation
Community
Videos
Private Events
Remove Ads
Sign In
Join for FREE
Feedback
Dark Mode
Quiz Categories
Sports
Geography
Music
Movies
Television
Just For Fun
Miscellaneous
History
Literature
Language
Science
Gaming
Entertainment
Religion
Holiday
For Kids
Quiz Lab
Recent
Popular Today
Quiz Kudos Today
Editor Picks
Curator Picks
Quizzes by...
Day
Popularity
Type
Ratings
Length
Year
Community
Subscriptions
Recent Discussions
Orange Saloon
Badges
Playlists
Quests
Create
Leaderboards
Showdown
Live 5
Trivia Bingo
Activity
Puzzle Library
Sporcle Events
Private Events
Virtual Trivia
Globe League
Become a Host
Pub Owners
SporcleCon
Opinionation
Our Games
Videos
Blog
Mobile Apps
Partnerships
Remove Ads and Go Orange
Feedback
Sports
Athletes
MLB
NBA
NHL
NFL
Soccer
Sports Teams
WWE
NCAA
Football
Premier League
Basketball
Baseball
Hockey
Golf
Tennis
Cricket
Rugby
Auto Racing
Olympics
World Cup
Sports
Athletes
MLB
NBA
NHL
NFL
Soccer
Sports Teams
WWE
NCAA
Football
Premier League
Basketball
Baseball
Hockey
Golf
Tennis
Cricket
Rugby
Auto Racing
Olympics
World Cup
Random Quiz
Search Sporcle
×
Quiz Lab
Quiz Lab
Sports
Europe
Type in answers that appear in a list
Type in answers that appear in a list
Classic
Best Score? Go Orange.
St Mirren players in Europe Stats
Can you name the players who have represented St Mirren in Europe?
By
Skybluesaint
15m
43 Questions
24 Plays
24 Plays
24 Plays
Comments
Comments
Give Quiz Kudos
Give Quiz Kudos
-
- Ratings
hide this ad
Replay
Link that replays current quiz
Next Quiz
Link to next quiz in quiz playlist
You Got
0%
They Got
Avg Score
50%
Avg Friend Score
Upgrade to see
Score Distribution
Jump to the score distribution portion of the page
Score
0/43
Timer
15:00
0
Plays Today
Hint
Answer
% Correct
1987
Ian Ferguson
91.7%
1987
Paul Lambert
91.7%
1985-
1987
Campbell Money
91.7%
1985-
1987
Frank McGarvey
87.5%
1980-
1983-
1985-
1987
Billy Abercromby
83.3%
1983-
1985-
1987
Tony Fitzpatrick
83.3%
1980
Billy Stark
75%
1987
Brian Hamilton
70.8%
1980-
1983
Billy Thomson
70.8%
1985
Derek Hamilton
66.7%
1983
Frank McAvennie
66.7%
1980
Peter Weir
66.7%
1987
Ian Cameron
62.5%
1980-
1983
Frank McDougall
62.5%
1985-
1987
Kenny McDowall
62.5%
1983-
1985
Ian Scanlon
62.5%
1987
David Winnie
62.5%
1983-
1985
Steve Clarke
58.3%
1985-
1987
Neil Cooper
58.3%
1985-
1987
Peter Godfrey
58.3%
1980-
1983
Lex Richardson
54.2%
1985-
1987
Tommy Wilson
54.2%
Hint
Answer
% Correct
1985-
1987
Brian Gallacher
50%
1980
Doug Somner
50%
1980
Alex Beckett
45.8%
1987
Paul Chalmers
45.8%
1985
Peter Mackie
41.7%
1980
Jack Copland
37.5%
1980-
1983
John McCormack
37.5%
1987
Keith Walker
37.5%
1983
Mark Fulton
33.3%
1980
John Young
29.2%
1987
Bobby Dawson
25%
1985
Jim Rooney
25%
1983
Rowan Alexander
20.8%
1980
Alan Logan
20.8%
1987
Norrie McWhirter
20.8%
1987
George Shaw
20.8%
1985
Gardner Speirs
20.8%
1980
Andy Dunlop
16.7%
1983
Phil McAveety
16.7%
1983
John McEachran
16.7%
1983
David Walker
8.3%
Quiz Playlist
Details
Report
Send in Message
Add To Playlist
Classic:
Type in answers that appear in a list
Last Updated: Aug 10, 2017
Quiz Scoreboard
CHALLENGE
Sign Up to Join the Scoreboard
Show All
Scores
Hide
Comments
May contain spoilers
Recently Published
Movies - When Are They Set?
by FPL_Elf
Movies
5m
Popular People in 1961
by mucciniale
History
6m
1-10 Letter E Words III
by El_Dandy
Language
2m
More to Explore
Quiz From the Vault
Featured Blog Post
Where Did the Easter Bunny Come From?
hide this ad
You Might Also Like...
Tags
Europe Quiz
Player
Represented
Today's Top Quizzes in Sports
Browse Sports
hide this ad
Today's Top Quizzes in Europe
Browse Europe
Top Contributed Quizzes in Sports
1
Les meilleurs buteurs des matchs entre le PSG et l’OM
2
FIFA Club World Cup Champions
3
Les entraîneurs de l'OM et du PSG au 21e siècle
4
2022 World Cup Stars
5
Name the Premier League winners with different clubs
6
La finale Lions - Afrique du Sud 2021
7
Criteria MLB: Left Handed Sluggers
8
Les joueurs passés par le LOSC et le RC Lens
9
Players with Multiple 50 Home Run Seasons
10
MLB Players with Two .350 Batting Average Seasons
Explore More
Trending Topics
Disney
Kpop
Harry Potter
NBA
Marvel
Anime
Crossword
NFL
Country
Soccer
The Office
WWE
Song
Puzzle
Pokémon
hide this ad
More By:
Skybluesaint
Quiz
Plays
Rating
Category
Featured
Created
St Mirren players in Europe
24
Sports
Aug 10, 2017
Go to Creator's Profile
Score Distribution
Quiz Creator Spotlight
Skybluesaint
Follow
Send a Message
Quizzes Created
-
Created Quiz Play Count
-
More By This Creator
Popular Quizzes Today
1
Find the Countries of Europe - No Outlines Minefield
2
Find the US States - No Outlines Minefield
3
The Countries of the World
4
Popular People in 1961
5
US States
6
1-10 Letter E Words III
7
Find the US States
8
One Thing in Common: World Cities II
More Sports Quizzes
Hall-of-Famers On Sparky Anderson Managed-teams
Editor's Pick
Trending Quizzes
Risky Map Clicking: Least Populous States A-Z
1-10 Letter F Words
Humor Books: The Subtitles
1-10 Letter G Words
One Thing in Common: United Kingdom
Recently Updated
Leaping Animals
pecheneg
Reality TV Shows (A-Z)
bhenderson79
Rickey Henderson's Hall of Fame Teammates
pecheneg
Champions League XIs: Arsenal
pecheneg
Quick Pick: Celebrities in WWE's Hall of Fame
aduchscher
A-Z Keypad Blitz II
pecheneg
Multiple Oscar Actors
pecheneg
Mystery Phrase Blitz: Oscar 'Best Actors'
pecheneg
F. Scott Fitzgerald Novels
LTH
Pick 3 Villains
ddd62291
Trending Topics
Anime
Marvel
Harry Potter
Disney
Crossword
Kpop
NBA
Puzzle
Pokémon
Song
The Office
NFL
Soccer
WWE
Country
Your Account Isn't Verified!
In order to create a playlist on Sporcle, you need to verify the email address you used during registration. Go to your
Sporcle Settings
to finish the process.
Report this User
Report this user for behavior that violates our
Community Guidelines
.
Details:
Send Report
Go to the Sporcle.com Mobile Site →
Comments